[Event "Match/Nation POL-YUG (Women)"]
[Site "Zakopane"]
[Date "1988.10.??"]
[Round "2.6"]
[White "Kaczmarek, E."]
[Black "Stadler, Tereza"]
[Result "0-1"]
[WhiteElo "2205"]
[BlackElo "2200"]
[PlyCount "132"]
[EventDate "1988.10.??"]
[EventType "team-match"]
[EventRounds "1"]
[EventCountry "POL"]
[SourceTitle "EXT 2021"]
[Source "ChessBase"]
[SourceDate "2020.10.23"]
[SourceVersion "1"]
[SourceVersionDate "2020.10.23"]
[SourceQuality "1"]

1. e4 d6 2. d4 Nf6 3. Nc3 g6 4. f4 Bg7 5. Nf3 0-0 6. Be3 c6 7. Be2 Qb6 8. Rb1 Nbd7 9. Qd2 Qc7 10. Nh4 b5 11. a3 a5 12. b4 axb4 13. axb4 Nb6 14. h3 Na4 15. Bd3 Nxc3 16. Qxc3 d5 17. e5 Ne4 18. Bxe4 dxe4 19. 0-0 f5 20. Qb3+ e6 21. g3 Bd7 22. Ra1 Qb7 23. Ng2 Ra6 24. Rxa6 Qxa6 25. Bd2 Ra8 26. Bc3 Bf8 27. Ra1 Qb7 28. Ra3 Ra4 29. Kf2 Be7 30. Ne3 Kg7 31. Rxa4 bxa4 32. Qxa4 c5 33. Qb3 cxb4 34. Bd2 Qb6 35. c3 Qa7 36. Qb2 Qa3 37. Qxa3 bxa3 38. c4 a2 39. Bc3 Bb4 40. Ba1 Kf7 41. d5 Ba4 42. Bd4 Bb3 43. Ba1 Bc5 44. Ke2 exd5 45. cxd5 Bxe3 46. Kxe3 Bxd5 47. Kd4 Ke7 48. Bb2 Kd7 49. Bc3 Bb3 50. Ba1 Kc6 51. Kc3 Be6 52. Kd4 Kb5 53. Kc3 Bc4 54. Kd2 Kb4 55. Ke3 Kb3 56. Kd2 Be6 57. Bd4 e3+ 58. Kxe3 Kc2 59. h4 Bb3 60. Ba1 Kb1 61. Bc3 a1Q 62. Bxa1 Kxa1 63. Kd4 Kb2 64. Kc5 Kc3 65. Kd6 Kd3 66. e6 Ke4 0-1